[Event "ch-ROM"]
[Site "Predeal ROM"]
[Date "2006.12.04"]
[Round "8"]
[White "Raut,C"]
[Black "Berescu,A"]
[Result "0-1"]
[WhiteElo "2264"]
[BlackElo "2485"]

1.e4 e6 2.d4 d5 3.Nd2 Be7 4.c3 dxe4 5.Nxe4 Nd7 6.Nf3 Ngf6 7.Bd3 O-O 8.O-O b6
9.Qe2 Bb7 10.Nxf6+ Nxf6 11.Bg5 h6 12.Bxf6 Bxf6 13.Be4 Bxe4 14.Qxe4 c5 15.Rad1 Qc7
16.dxc5 bxc5 17.Nd2 Qa5 18.a3 Rab8 19.Nc4 Qa4 20.Qe2 Rfd8 21.Rxd8+ Rxd8 22.Ne3 Qb3
23.Rd1 Rxd1+ 24.Nxd1 Bg5 25.g3 Bc1 26.Kf1 a5 27.h4 g6 28.Ke1 a4 29.h5 gxh5
30.Kf1 Qd5 31.Kg1 Bd2 32.Qb5 Qe4 33.Kh2 h4 34.Qxc5 h3  0-1

[Event "12th Open"]
[Site "Navalmoral de la Mata ESP"]
[Date "2006.12.07"]
[Round "3"]
[White "Guerra Tulcan,L"]
[Black "Narciso Dublan,M"]
[Result "0-1"]
[WhiteElo "2298"]
[BlackElo "2511"]

1.e4 e6 2.d4 d5 3.Nd2 Nc6 4.Ngf3 Nf6 5.Bd3 Nb4 6.Qe2 Nxd3+ 7.Qxd3 Be7 8.O-O O-O
9.Re1 b6 10.e5 Nd7 11.Nf1 c5 12.c3 a5 13.Ng3 Ba6 14.Qe3 Kh8 15.Nh5 Rc8 16.Bd2 Rg8
17.Qf4 Bd3 18.Ng3 Rf8 19.Qg4 Bg6 20.h4 h6 21.Rac1 b5 22.a3 Nb6 23.dxc5 Bxc5
24.b4 Be7 25.Nd4 Nc4 26.Red1 Nxe5 27.Qe2 Nd3 28.h5 Nxc1 29.Rxc1 Bh7 30.Qxb5 axb4
31.axb4 Rc4 32.Re1 Bd6 33.Nf1 Bd3 34.Qb7 Bxf1 35.Kxf1 Qh4 36.Qd7 Qh1+ 37.Ke2 Qxh5+
38.Kf1 Bxb4  0-1

[Event "90th ch-Marshall CC"]
[Site "New York USA"]
[Date "2006.12.09"]
[Round "7"]
[White "Kelleher,J"]
[Black "Privman,B"]
[Result "0-1"]
[WhiteElo "2089"]
[BlackElo "2266"]

1.d4 e6 2.e4 d5 3.Nd2 Nc6 4.Ngf3 Nf6 5.e5 Nd7 6.c3 f6 7.exf6 Qxf6 8.Bb5 e5
9.dxe5 Ncxe5 10.Nxe5 Qxe5+ 11.Be2 Be7 12.O-O O-O 13.Nf3 Qd6 14.c4 c6 15.cxd5 cxd5
16.Be3 Bf6 17.Nd4 a6 18.Rc1 Re8 19.Qc2 Ne5 20.Qc7 Qxc7 21.Rxc7 b5 22.Rfc1 Bg4
23.R1c5 Bxe2 24.Nxe2 Nc4 25.Rxd5 Nxe3 26.fxe3 Rxe3 27.Ng3 Bxb2 28.Nf5 Re6
29.Rdd7 Rf8 30.g4 Re4 31.h3 h5 32.Ng3 Bd4+ 33.Rxd4 Rxd4 34.Nxh5 Rf7 35.Rc2 Rc4
36.Rd2 Rfc7 37.Rd6 Ra4 38.Kg2 Ra3 39.Rd2 Rcc3 40.g5 g6 41.Nf6+ Kf7 42.Ne4 Rxh3
43.Rd6 Rhd3  0-1

[Event "Aniversario del Par de Alfiles"]
[Site "Asuncion PAR"]
[Date "2006.12.10"]
[Round "9"]
[White "Real de Azua,E"]
[Black "Cubas,Jo"]
[Result "1/2-1/2"]
[WhiteElo "2396"]
[BlackElo "2426"]

1.e4 e6 2.d4 d5 3.Nd2 Be7 4.Bd3 c5 5.dxc5 Nf6 6.Qe2 Nc6 7.Ngf3 Bxc5 8.exd5 Qxd5
9.O-O O-O 10.Ne4 Nxe4 11.Bxe4 Qh5  1/2-1/2

[Event "FSIM December"]
[Site "Budapest HUN"]
[Date "2006.12.13"]
[Round "12"]
[White "Schneider,Ve"]
[Black "Humphrey,J"]
[Result "1-0"]
[WhiteElo "2221"]
[BlackElo "2256"]

1.e4 e6 2.d4 d5 3.Nd2 Be7 4.Bd3 c5 5.dxc5 Nf6 6.Qe2 O-O 7.Ngf3 a5 8.O-O Na6
9.e5 Nd7 10.c3 Naxc5 11.Bc2 b6 12.Re1 f6 13.exf6 Bxf6 14.Nb3 Ba6 15.Qd1 Qe7
16.Nbd4 e5 17.Nf5 Qf7 18.Bg5 e4 19.Bxf6 Nxf6 20.b4 Ncd7 21.Ng5 Qe8 22.Bb3 Kh8
23.Bxd5 Nxd5 24.Nd6  1-0

[Event "UTD GM Invitational"]
[Site "Dallas USA"]
[Date "2006.12.13"]
[Round "11"]
[White "Schneider,Ig"]
[Black "Ramirez,Alej"]
[Result "0-1"]
[WhiteElo "2369"]
[BlackElo "2485"]

1.e4 e6 2.d4 d5 3.Nd2 Be7 4.Bd3 c5 5.dxc5 Nf6 6.Qe2 O-O 7.Ngf3 a5 8.a4 Na6
9.Bxa6 Rxa6 10.O-O Bxc5 11.e5 Nd7 12.Nb3 Ba7 13.Be3 Bb8 14.Nc5 Rc6 15.Nxd7 Bxd7
16.Bd4 f6 17.b3 Qc7 18.Rac1 Be8 19.exf6 gxf6 20.Bb2 Bh5 21.g3 Ba7 22.Qd3 Bg6
23.Qe2 e5 24.c3 Qb6 25.Nd2 Rd8 26.Kg2 Re6 27.h4 Re7 28.Kh2 Rg7 29.Rce1 Bc2
30.f4 e4 31.Qg2 Bd3 32.Rh1 Bb8 33.Qg1 Qe6 34.Qf2 Rgd7 35.Nf3 Qg4 36.Nd4 Ba7
37.Qd2 Rc8 38.Rc1 Bb6 39.Qd1 Qg7 40.Qd2 Qg4 41.Qe3 Bxd4 42.cxd4 Rdc7 43.Rxc7 Rxc7
44.Rc1 Rxc1 45.Bxc1 Qd1 46.Qd2 Qxb3 47.Qxa5 Qc2+ 48.Bd2 Kg7 49.Qc3 Qd1 50.Qc1 Qe2+
51.Kg1 Kg6 52.Qe1 Qf3 53.f5+ Kxf5 54.Qf2 Kg4 55.Bf4 h5 56.Qd2 Qf1+ 57.Kh2 Be2
58.Qe3 Bf3  0-1

[Event "Levikov Mem"]
[Site "Lviv UKR"]
[Date "2006.12.13"]
[Round "7"]
[White "Vovk,A"]
[Black "Leniart,A"]
[Result "1/2-1/2"]
[WhiteElo "2474"]
[BlackElo "2315"]

1.e4 e6 2.d4 d5 3.Nd2 Be7 4.Bd3 c5 5.dxc5 Nf6 6.Qe2 Qa5 7.c3 Qxc5 8.e5 Nfd7
9.Ngf3 Qc7 10.O-O Nc6 11.Re1 g5 12.Bb5 a6 13.Bxc6 bxc6 14.c4 a5 15.Nd4 Qb6
16.Nc2 h5 17.b3 Ba6 18.Ba3 c5 19.Qf3 g4 20.Qg3 d4 21.f4 Bb7 22.Ne4 Qc6 23.Re2 h4
24.Qd3 h3 25.g3 f5 26.exf6 Nxf6 27.Nxf6+ Bxf6 28.Rxe6+ Qxe6 29.Re1 Qxe1+
30.Nxe1 Kf7 31.Qf5 Rae8 32.Kf2 d3 33.Bxc5 Re2+ 34.Kf1 Bg2+ 35.Nxg2 hxg2+
36.Kg1 d2 37.Qd7+ Be7 38.Qf5+ Bf6 39.Qd7+ Be7 40.Qf5+  1/2-1/2

[Event "Levikov Mem"]
[Site "Lviv UKR"]
[Date "2006.12.15"]
[Round "9"]
[White "Oleksienko,M"]
[Black "Leniart,A"]
[Result "1-0"]
[WhiteElo "2530"]
[BlackElo "2315"]

1.e4 e6 2.d4 d5 3.Nd2 Nc6 4.Ngf3 Nf6 5.e5 Nd7 6.Be2 f6 7.exf6 Qxf6 8.Nf1 Bd6
9.Ne3 b6 10.O-O Bb7 11.c4 Ne7 12.b3 O-O-O 13.cxd5 exd5 14.a4 Ng6 15.g3 a5
16.Bd2 Rdf8 17.Qb1 Qe7 18.Re1 Qe4 19.Qxe4 dxe4 20.Ng5 Rf6 21.Bc4 h6 22.Ne6 Rh7
23.f4 exf3 24.Ng4 f2+ 25.Nxf2 Rh8 26.Ne4 Bxe4 27.Rxe4 Re8 28.Bd5 Rf7 29.Nxc7 Rxe4
30.Bxe4 Kxc7 31.Bxg6 Re7 32.Rc1+ Kd8 33.Re1 Nf6 34.Rxe7 Kxe7 35.Kf2 Ke6 36.Kf3 Nd5
37.Bd3 Nb4 38.Bc4+ Kd7 39.Ke4 Be7 40.Kf5 Bf6 41.d5 Bd4 42.Bf4 Nc2 43.Bb5+ Kd8
44.Bd6 Bf6 45.Bf8 Nd4+ 46.Kg6 Nxb3 47.Bxg7 Bxg7 48.Kxg7 Nd4 49.Bd3 b5 50.axb5 Kc7
51.Kxh6 a4 52.g4 a3 53.Bc4 Nxb5 54.g5 Nd6 55.Ba2  1-0

[Event "Sub-Zt 2.3.4"]
[Site "Bogota COL"]
[Date "2006.12.18"]
[Round "1"]
[White "Mendoza,Raf"]
[Black "Garcia,Alv COL"]
[Result "1/2-1/2"]
[WhiteElo "2387"]
[BlackElo "2191"]

1.e4 e6 2.d4 d5 3.Nd2 Be7 4.Ngf3 Nf6 5.e5 Nfd7 6.Nb3 c5 7.dxc5 Nxc5 8.Nxc5 Qa5+
9.c3 Qxc5 10.Bd3 Bd7 11.O-O Qc7 12.Re1 h6 13.Nd4 a6 14.Qg4 Bf8 15.f4 Nc6
16.Qg3 Nxd4 17.cxd4 Qb6 18.Qf2 g6 19.Be3 Be7 20.Rac1 Rc8 21.Rxc8+ Bxc8 22.Qc2 Bd7
23.Rc1 Rg8 24.a3 Bc6 25.g4 Kd7 26.Kh1 Kc7 27.Qe2 Kb8 28.b4 Rc8 29.Kg2 Bd7
30.Rxc8+ Bxc8 31.Qb2 Bd7 32.Qc3 Bf8 33.Kg3 Qc7 34.Bd2 Qb6 35.Bc2 Qd8 36.a4 f5
37.exf6 Qxf6 38.Qe3 Bd6 39.Kg2 g5 40.fxg5 hxg5 41.h3 Bf4 42.Qd3 Bd6 43.Bb3 Be8
44.Bc2 Bf4 45.Bxf4+ e5 46.dxe5 Qxe5 47.Qg3 Qc7 48.Kf3 d4 49.Qf2  1/2-1/2

[Event "44th National A ch-IND"]
[Site "Atul IND"]
[Date "2006.12.19"]
[Round "2"]
[White "Aswin,J"]
[Black "Kamble,V"]
[Result "1/2-1/2"]
[WhiteElo "2322"]
[BlackElo "2346"]

1.e4 e6 2.d4 d5 3.Nd2 Be7 4.Bd3 c5 5.dxc5 Nf6 6.Qe2 O-O 7.Ngf3 Nfd7 8.c3 Nxc5
9.Bc2 b6 10.b4 Ba6 11.c4 dxe4 12.bxc5 exf3 13.Qe4 f5 14.Qxa8 Qd4 15.Qxf3 Qxa1
16.O-O Bxc5 17.Qe2 e5 18.Re1 Bd6 19.Ne4 Bc7 20.Nd6  1/2-1/2

[Event "Bykova Mem"]
[Site "Vladimir RUS"]
[Date "2006.12.22"]
[Round "8"]
[White "Pogonina,N"]
[Black "Bashkite,V"]
[Result "1-0"]
[WhiteElo "2421"]
[BlackElo "2239"]

1.e4 e6 2.d4 d5 3.Nd2 Be7 4.Bd3 c5 5.dxc5 Nf6 6.Qe2 Nc6 7.Ngf3 Bxc5 8.O-O Nb4
9.Bb5+ Bd7 10.c3 Na6 11.exd5 Nxd5 12.Ne5 Nb8 13.Ne4 Be7 14.Rd1 Nb6 15.Be3 Qc7
16.Bf4 Qc8 17.Nxd7 N8xd7 18.Rxd7 Nxd7 19.Rd1 O-O 20.Bxd7 Qd8 21.Bxe6 Qb6
22.Bd5 h6 23.c4 Rae8 24.b3 Kh8 25.Be3 Qg6 26.Qf3 f5 27.Nc5 f4 28.Bd4 Bxc5
29.Bxc5 Rf5 30.Bd4 Qd6 31.h3 Qa6 32.a4 Qa5 33.Qg4 Rg5 34.Qxf4 Qb4 35.Qf3 Rf8
36.Qe3 b6 37.Qe6 Rh5 38.Qg6  1-0

[Event "44th National A ch-IND"]
[Site "Atul IND"]
[Date "2006.12.24"]
[Round "8"]
[White "Ramesh,R"]
[Black "Kamble,V"]
[Result "1-0"]
[WhiteElo "2491"]
[BlackElo "2346"]

1.e4 e6 2.d4 d5 3.Nd2 Be7 4.Ngf3 Nf6 5.Bd3 c5 6.e5 Nfd7 7.c3 b6 8.Qe2 cxd4
9.Nxd4 Nc5 10.Bc2 a5 11.a4 Ba6 12.Nb5 Nc6 13.Nf3 Qb8 14.O-O O-O 15.Re1 Qd8
16.Rd1 f6 17.exf6 Bxf6 18.Nfd4 Qe8 19.Be3 Na7 20.Qg4 Qf7 21.Nxa7 Rxa7 22.b4 axb4
23.cxb4 Nd7 24.Nxe6 Rc8 25.Rac1 Bc4 26.a5 Rb8 27.Ng5 Bxg5 28.Qxg5 Ra6 29.axb6 Nxb6
30.Rd4 Nd7 31.Rf4 Rf6 32.Rxf6 Qxf6 33.Qf5 Qxf5 34.Bxf5 Rb7 35.f3 Kf7 36.Bd4 Nb8
37.Rb1 g6 38.Bc2 Nc6 39.Bc5 Ne5 40.Kf2 Bd3 41.Bb3 Bc4 42.Ke3 Ke6 43.Kd4 Nc6+
44.Kc3 Bxb3 45.Rxb3 Rd7 46.b5 d4+ 47.Kd2 Ne5 48.Rb4 d3 49.Bd4 Nf7 50.Kxd3 Kd5
51.Rc4 Rb7 52.Rc5+ Ke6 53.Kc4 Nd6+ 54.Kb4 Rb8 55.Re5+ Kd7 56.b6 Nc8 57.Rb5 Ne7
58.Kc4 Nc6 59.Bf2 Ke6 60.Bg3 Rb7 61.Bc7 Ne7 62.Re5+ Kd7 63.Kb5  1-0

[Event "Weihnachtsopen Masters"]
[Site "Zurich SUI"]
[Date "2006.12.28"]
[Round "4"]
[White "Zozulia,A"]
[Black "Salzgeber,F"]
[Result "1/2-1/2"]
[WhiteElo "2363"]
[BlackElo "2186"]

1.e4 e6 2.d4 d5 3.Nd2 Be7 4.c3 c5 5.e5 cxd4 6.cxd4 Nh6 7.Ndf3 Nf5 8.Bd3 Nc6
9.Ne2 O-O 10.O-O Kh8 11.a3 Qb6 12.Bc2 Qd8 13.Qd3 g6 14.Bf4 a5 15.g4 Ng7 16.Ng3 b6
17.Rfe1 Ba6 18.Qd2 Rc8 19.Kg2 f6 20.Rac1 fxe5 21.Nxe5 Nxe5 22.Bxe5 Bf6 23.Qh6 Qe7  1/2-1/2

[Event "Weihnachtsopen Masters"]
[Site "Zurich SUI"]
[Date "2006.12.28"]
[Round "4"]
[White "Warakomski,T"]
[Black "Knoedler,D"]
[Result "1/2-1/2"]
[WhiteElo "2446"]
[BlackElo "2366"]

1.e4 e6 2.d4 d5 3.Nd2 Be7 4.c3 c5 5.dxc5 Bxc5 6.exd5 exd5 7.Nb3 Bb6 8.Nf3 Nc6
9.Be2 Nf6 10.O-O O-O 11.Bg5 Re8 12.Bh4 Bf5 13.Re1 Be4 14.a4 a6 15.Nbd4 Na5
16.Nd2 Bg6 17.N4b3 Nc6 18.Nf3 Re4 19.Nbd2 Re6 20.Qb3 Na5 21.Qb4 Nc6 22.Qb3 Na5
23.Qb4 Nc6  1/2-1/2

[Event "Masters"]
[Site "Singapore SIN"]
[Date "2006.12.29"]
[Round "8"]
[White "Lim Yee Weng"]
[Black "Zhou Weiqi"]
[Result "0-1"]
[WhiteElo "2307"]
[BlackElo "2435"]

1.e4 e6 2.d4 d5 3.Nd2 Nc6 4.Ngf3 Nf6 5.e5 Nd7 6.c3 f6 7.Bb5 a6 8.Bxc6 bxc6
9.O-O f5 10.Qa4 Nb6 11.Qa5 Be7 12.b3 O-O 13.Ba3 Bxa3 14.Qxa3 a5 15.c4 Ba6
16.Rfc1 dxc4 17.Nxc4 Bxc4 18.bxc4 g5 19.Qc5 g4 20.Nd2 a4 21.Qxc6 Qxd4 22.Qxc7 Nd7
23.Qd6 Qxd6 24.exd6 Nc5 25.Rab1 Ra6 26.Rb5 Rc8 27.f3 Rxd6 28.Rc2 h5 29.Kf2 Kf7
30.Ke2 Kg6 31.Ra5 Kf6 32.Nb1 gxf3+ 33.gxf3 Rd4 34.Na3 Rh4 35.Kd1 Rh3 36.Nb5 Rd8+
37.Rd2 Rxd2+ 38.Kxd2 Rxf3 39.Nc3 Nd7 40.Rxa4 Rh3 41.Ra7 Ne5 42.c5 Rxh2+ 43.Kd1 f4
44.Ne4+ Kg6 45.Ra6 Rh1+ 46.Kd2 Nf3+ 47.Ke2 Nd4+ 48.Kd3 Rd1+ 49.Nd2 f3 50.Ra8 f2
51.Rf8 Nf5  0-1

[Event "Czech Christmas"]
[Site "Litomysl CZE"]
[Date "2006.12.30"]
[Round "7"]
[White "Holoubkova,K"]
[Black "Rzepecka,D"]
[Result "1-0"]
[WhiteElo "1854"]
[BlackElo "1923"]

1.e4 e6 2.d4 d5 3.Nd2 Nc6 4.c3 Nf6 5.e5 Nd7 6.Bd3 f6 7.Qh5+ Ke7 8.Ndf3 Qe8
9.Qh4 Kd8 10.Ne2 Be7 11.Nf4 Nf8 12.Qg3 Qf7 13.O-O g5 14.exf6 Qxf6 15.Ne2 Rg8
16.Bf4 Rg7 17.Bxc7+ Ke8 18.Bb5 Nd7 19.Ne5 Ndxe5 20.Bxe5 Qf8 21.Bxg7 Qxg7
22.f4 g4 23.h3 h5 24.hxg4 hxg4 25.Nc1 Bd7 26.Be2 Kf7 27.Qxg4 Qf6 28.Qh5+ Kg7
29.Rf3 Rh8 30.Rg3+ Kf8 31.Qg4 Nxd4 32.Nd3 Bb5 33.cxd4 Qxd4+ 34.Nf2 Qxb2 35.Re1 Bb4
36.Rb3 Qd4 37.Rd1 Bxe2 38.Rxd4 Bxg4 39.Rdxb4 Bf5 40.Rxb7 Rh6 41.Rc7  1-0

[Event "Czech Christmas"]
[Site "Litomysl CZE"]
[Date "2006.12.31"]
[Round "8"]
[White "Aepfler,C"]
[Black "Kanovsky,D"]
[Result "1/2-1/2"]
[WhiteElo "2235"]
[BlackElo "2390"]

1.e4 e6 2.d4 d5 3.Nd2 Be7 4.Ngf3 Nf6 5.Bd3 c5 6.exd5 Qxd5 7.dxc5 Nbd7 8.Nb3 O-O
9.O-O Nxc5 10.Nxc5 Qxc5 11.Qe2 b6 12.Be3 Qc7 13.Bg5 Bb7 14.Bh4 Nd5 15.Bxe7 Qxe7
16.Qe4 g6 17.a3 a5 18.Qe5 f6 19.Qg3 e5 20.Rfe1 Qc7 21.Be4 Nf4 22.Bxb7 Qxb7
23.Nd2 Rad8 24.Qf3 Qc7 25.Qb3+ Kg7 26.Nf1 Qc6 27.Ne3 Rd2 28.Rad1 Rfd8 29.Rxd2 Rxd2
30.Qc4 Qxc4 31.Nxc4 Rxc2 32.Nxb6 Nd3 33.Rd1 Nxf2 34.Rd7+ Kh6 35.b4 axb4 36.axb4 Ng4
37.Rd1 Ne3 38.Rb1 Rxg2+ 39.Kh1 Rd2 40.b5 Rd8 41.Na4 Nc4 42.b6 Nxb6 43.Rxb6 f5
44.Re6 e4 45.Nc5 Rd4 46.Re7 Rc4 47.Ne6 e3 48.Kg2 Re4 49.Kf1 e2+ 50.Ke1 Re5
51.Re8 f4 52.Nc7 Rxe8 53.Nxe8 f3 54.Nf6 Kg5 55.Nxh7+ Kh4 56.Kf2 g5 57.h3 Kxh3  1/2-1/2

[Event "Petrovskaya Ladya IM"]
[Site "Peterhof RUS"]
[Date "2007.01.03"]
[Round "1"]
[White "Khamitskiy,S"]
[Black "Markosian,D"]
[Result "1/2-1/2"]
[WhiteElo "2345"]
[BlackElo "2336"]

1.d4 e6 2.e4 d5 3.Nd2 Nc6 4.Ngf3 Nf6 5.e5 Nd7 6.Bd3 Nb4 7.Be2 c5 8.c3 Nc6
9.Bd3 cxd4 10.cxd4 Qb6 11.O-O Be7 12.Nb3 O-O 13.Bg5 f6 14.exf6 Nxf6 15.Re1  1/2-1/2

[Event "Open"]
[Site "Verona ITA"]
[Date "2007.01.04"]
[Round "2"]
[White "Borsos,B"]
[Black "Stojanovic,Mih"]
[Result "0-1"]
[WhiteElo "2293"]
[BlackElo "2576"]

1.e4 e6 2.d4 d5 3.Nd2 a6 4.Ngf3 Nf6 5.Bd3 c5 6.exd5 exd5 7.dxc5 Bxc5 8.Nb3 Qe7+
9.Qe2 Qxe2+ 10.Bxe2 Ba7 11.O-O Nc6 12.Bf4 O-O 13.Rad1 Re8 14.Rfe1 Bf5 15.Bd3 Bxd3
16.cxd3 Nd7 17.Be3 Bxe3 18.Rxe3 Kf8 19.Rxe8+ Rxe8 20.Kf1 g6 21.h3 h6 22.Nbd4 Nde5
23.Nxc6 Nxc6 24.a3 f6 25.Rc1 Rd8 26.Ke2 g5 27.g4 Kf7 28.b4 h5 29.Rc5 Ke6
30.Ke3 Kd6 31.d4 hxg4 32.hxg4 Re8+ 33.Kd3 Re4 34.Rc1 Rxg4 35.Rh1 Rf4 36.Ke3 Re4+
37.Kd3 Rf4 38.Ke3 Ne7 39.Rh7 Nf5+ 40.Ke2 Kc6 41.Rf7 Nd6 42.Rf8 Nb5 43.Rc8+ Kd7  0-1

[Event "Open"]
[Site "Verona ITA"]
[Date "2007.01.04"]
[Round "2"]
[White "Alberton,R"]
[Black "Radice,L"]
[Result "1/2-1/2"]
[WhiteElo "2138"]
[BlackElo "2076"]

1.e4 e6 2.d4 d5 3.Nd2 Nc6 4.Ngf3 Nf6 5.e5 Nd7 6.c4 dxc4 7.Nxc4 Bb4+ 8.Bd2 Nb6
9.a3 Bxd2+ 10.Qxd2 O-O 11.Rc1 Nd5 12.Bd3 Nce7 13.O-O b6 14.Rfe1 Bb7 15.Be4 Rb8
16.h4 Ng6 17.g3 Re8 18.h5 Nf8 19.h6 Ng6 20.Nh2 f5 21.exf6 gxf6 22.Bg2 Qe7
23.Bh3 Qf7 24.Ng4 Rbd8 25.Qc2 Re7 26.Bg2 Bc8 27.Be4 Nf8 28.Bf3 Qg6 29.Qe2 Ba6
30.Qd2 Bc8 31.Qe2 Ba6 32.Qd2 Bc8  1/2-1/2

[Event "ch-NZL 2006-7"]
[Site "Wanganui NZL"]
[Date "2007.01.05"]
[Round "4"]
[White "Spain,G"]
[Black "Wang Puchen"]
[Result "0-1"]
[WhiteElo "2200"]
[BlackElo "2290"]

1.e4 e6 2.d4 d5 3.Nd2 Be7 4.e5 Nh6 5.Ndf3 Nf5 6.Bd3 c5 7.c3 Nc6 8.Ne2 cxd4
9.Bxf5 exf5 10.Nexd4 Be6 11.O-O O-O 12.Re1 h6 13.Nxc6 bxc6 14.Nd4 Qd7 15.Qh5 c5
16.Nxe6 Qxe6 17.Bd2 d4 18.cxd4 cxd4 19.b3 Rac8 20.Qd1 d3 21.Rc1 Rxc1 22.Bxc1 Rd8
23.Qd2 Qc6 24.Bb2 Bb4 25.Qxb4 d2 26.h3 Qc2 27.Bc3 d1=Q 28.Rxd1 Rxd1+ 29.Be1 Qe2
30.Qb8+ Kh7 31.Kh2 Rxe1 32.f4 Qf2  0-1

[Event "XXXII Open"]
[Site "Seville ESP"]
[Date "2007.01.09"]
[Round "3"]
[White "Rizouk,A"]
[Black "Martin Vazquez,J"]
[Result "1-0"]
[WhiteElo "2455"]
[BlackElo "2167"]

1.e4 e6 2.d4 d5 3.Nd2 Be7 4.Ngf3 Nf6 5.Bd3 c5 6.e5 Nfd7 7.c3 b6 8.Qe2 Nc6
9.a3 a5 10.h4 c4 11.Bc2 b5 12.Ng5 Bxg5 13.hxg5 Nf8 14.Nf1 Bd7 15.Ng3 b4 16.Nh5 Rg8
17.Qg4 Ne7 18.axb4 axb4 19.Rxa8 Qxa8 20.cxb4 Ba4 21.Bxa4+ Qxa4 22.O-O Qxb4
23.Be3 Qxb2 24.Qd1 Nd7 25.Qa4 Nc8 26.Qc6 Ke7 27.g6 hxg6 28.Bg5+ f6 29.exf6+ gxf6
30.Nxf6 Nxf6 31.Re1 Kf8 32.Qxc8+ Ne8 33.Bh6+ Rg7 34.Bxg7+ Kxg7 35.Qxe8 Qxd4
36.Qxe6 c3 37.Qe7+ Kh6 38.Re3 Qd1+ 39.Kh2  1-0

[Event "Keres Mem B"]
[Site "Tallinn EST"]
[Date "2007.01.10"]
[Round "7"]
[White "Lauk,U"]
[Black "Jegorovas,A"]
[Result "1/2-1/2"]
[WhiteElo "2367"]
[BlackElo "2262"]

1.e4 e6 2.d4 d5 3.Nd2 Be7 4.Ngf3 Nf6 5.e5 Nfd7 6.Bd3 c5 7.c3 Nc6 8.O-O a5
9.Re1 cxd4 10.cxd4 Qb6 11.Nb1 Nxd4 12.Nxd4 Qxd4 13.Nc3 Qb6 14.Qg4 O-O 15.Bh6 g6
16.Bxf8 Bxf8 17.Nb5 Nc5 18.Qd4 Bd7 19.a4 Qd8 20.Rad1 Rc8 21.Qf4 Qb6 22.Qd4 Qd8
23.Qf4 Qb6  1/2-1/2

[Event "4NCL 2006-07"]
[Site "Coventry ENG"]
[Date "2007.01.14"]
[Round "6"]
[White "Hanley,C"]
[Black "Berry,N"]
[Result "1-0"]
[WhiteElo "2435"]
[BlackElo "2300"]

1.e4 e6 2.d4 d5 3.Nd2 Nc6 4.Ngf3 Nf6 5.e5 Nd7 6.Nb3 a5 7.a4 Be7 8.h4 b6 9.Bb5 Na7
10.Be2 c5 11.h5 Nc6 12.Bb5 Na7 13.Rh3 Nxb5 14.axb5 Bb7 15.Be3 a4 16.Nbd2 cxd4
17.Bxd4 Nc5 18.Bc3 Ne4 19.Nxe4 dxe4 20.Qxd8+ Kxd8 21.Nd2 Kc7 22.Bd4 Bb4 23.c3 Bc5
24.Bxc5 bxc5 25.Re3 Ra5 26.b6+ Kb8 27.Nxe4 Rb5 28.Re2 Bxe4 29.Rxe4 Rxb6 30.Rexa4 Kc7
31.Ra7+ Rb7 32.R1a5 Rxa7 33.Rxa7+ Kc6 34.Rxf7 Kd5 35.Rxg7 Kxe5 36.Rg5+ Kd6
37.b4 cxb4 38.cxb4 Rb8 39.Rg7 Rxb4 40.Rxh7 Ke5 41.Rg7 Rh4 42.g4 Kf4 43.Ke2 e5
44.Kf1 Kf3 45.Kg1 e4 46.Rg8 Rh3 47.Rg6  1-0

[Event "ch-EST"]
[Site "Tallinn EST"]
[Date "2007.01.21"]
[Round "2"]
[White "Zjukin,S"]
[Black "Kunitson,N"]
[Result "1/2-1/2"]
[WhiteElo "2357"]
[BlackElo "2104"]

1.e4 e6 2.d4 d5 3.Nd2 Be7 4.Ngf3 Nf6 5.Bd3 c5 6.exd5 Qxd5 7.dxc5 Qxc5 8.O-O Nbd7
9.Nb3 Qc7 10.Bg5 O-O 11.Qe2 a6 12.a4 b6 13.Bh4  1/2-1/2

[Event "IM"]
[Site "Marianske Lazne CZE"]
[Date "2007.01.22"]
[Round "4"]
[White "Grandelius,N"]
[Black "Weinzettl,E"]
[Result "1/2-1/2"]
[WhiteElo "2162"]
[BlackElo "2364"]

1.e4 e6 2.d4 d5 3.Nd2 a6 4.Ngf3 c5 5.dxc5 Bxc5 6.Bd3 Nc6 7.O-O Nf6 8.exd5 exd5
9.Nb3 Be7 10.h3 O-O 11.Bg5 h6 12.Bh4 Nh5 13.Bxe7 Qxe7 14.Nbd4 Nf4 15.Ne2 Qf6
16.Nxf4 Qxf4 17.c3 Bd7 18.Qd2 Qf6 19.Nd4 Rfe8 20.Rfe1 Kh8 21.Nxc6 Rxe1+ 22.Rxe1 bxc6
23.Qe3 Bf5 24.Bxf5 Qxf5 25.Qc5 Rb8 26.b4 Qf6 27.Re3 Kh7 28.Qa7 Rd8 29.Rf3 Qg6
30.Qxa6 Re8 31.Qd3 Re1+ 32.Kh2 Ra1 33.Qe2 Qd6+ 34.g3 Qg6 35.Qb2 Rb1 36.Qe2 Ra1
37.Qb2 Rb1 38.Qe2  1/2-1/2

[Event "ch-SER Qualification"]
[Site "Belgrade SER"]
[Date "2007.01.25"]
[Round "3"]
[White "Todorovic,GM"]
[Black "Brkljaca,A"]
[Result "1-0"]
[WhiteElo "2475"]
[BlackElo "2353"]

1.e4 e6 2.d4 d5 3.Nd2 Nc6 4.Ngf3 Nf6 5.e5 Nd7 6.Be2 f6 7.exf6 Qxf6 8.Nf1 e5
9.Ne3 e4 10.Nxd5 Qd6 11.Bc4 exf3 12.O-O Qg6 13.Nxc7+ Kd8 14.Ne6+ Ke8 15.Ng5 Nd8
16.Qxf3 Nb6 17.Re1+ Be7 18.Bb5+ Bd7 19.Bxd7+ Nxd7 20.d5 Rf8 21.Qe2 Qd6 22.Qh5+ g6
23.Ne4 Qb4 24.Qe2 Kf7 25.Bd2 Qb6 26.d6 Bf6 27.Nxf6 Nxf6 28.Qe7+ Kg8 29.Bh6 Qxf2+  1-0

[Event "ch-EST"]
[Site "Tallinn EST"]
[Date "2007.01.25"]
[Round "7"]
[White "Lauk,U"]
[Black "Kunitson,N"]
[Result "1-0"]
[WhiteElo "2367"]
[BlackElo "2104"]

1.e4 e6 2.d4 d5 3.Nd2 Be7 4.Bd3 c5 5.dxc5 Nf6 6.Qe2 O-O 7.Ngf3 a5 8.O-O Na6
9.e5 Nd7 10.c4 Ndxc5 11.Bb1 Nb4 12.Rd1 b6 13.Nd4 Bb7 14.N2f3 Qc8 15.Ng5 h6
16.Qh5 dxc4 17.Nh7 Be4 18.Bxh6 Bxb1 19.Rdxb1 Kxh7 20.Bg5+ Kg8 21.Bxe7 Re8
22.Bf6 Nd7 23.Qg5  1-0

[Event "Open"]
[Site "Moscow RUS"]
[Date "2007.01.27"]
[Round "1"]
[White "Nikolenko,O"]
[Black "Kurdakov,Y"]
[Result "1-0"]
[WhiteElo "2516"]
[BlackElo "2282"]

1.e4 e6 2.d4 d5 3.Nd2 a6 4.Ngf3 c5 5.dxc5 Bxc5 6.Bd3 Nf6 7.O-O dxe4 8.Nxe4 Nxe4
9.Bxe4 Qxd1 10.Rxd1 f6 11.a3 a5 12.Nd4 Bxd4 13.Rxd4 Nc6 14.Rd3 f5 15.Bxc6+ bxc6
16.Rd6 Bb7 17.Rxe6+ Kf7 18.Re5 g6 19.Be3 Rhd8 20.h4 Rd5 21.Rxd5 cxd5 22.a4 Rc8
23.c3 Rc4 24.Bd4 Bc8 25.Kf1 Bd7 26.b3 Rc7 27.Ke2 Rb7 28.Ra3 Rb8 29.Kd2 Ke6
30.Be3 Ke5 31.g3 Ke4 32.Ke2 d4 33.Bxd4 f4 34.f3+ Kd5 35.gxf4 Bf5 36.Kd2 Rb7
37.Be3 Kc6 38.Bd4 Kd5 39.Be5 Kc6 40.b4 axb4 41.cxb4 Rxb4 42.a5 Kb7 43.a6+ Ka8
44.Ra5 h5 45.Rd5 Ka7 46.Rd6 Rb8 47.Kc3 Rc8+ 48.Kb4 Rc1 49.Rf6 Rc8 50.Bd4+ Ka8
51.Ka5 Rd8 52.Be5 Rc8 53.Rf7 Rc1 54.Rg7 Rc4 55.Kb6 Rb4+ 56.Kc5 Rb1 57.Bd4 Rb8
58.Kd6 Rd8+ 59.Ke5 Re8+ 60.Kd5 Rd8+ 61.Kc4 Rb8 62.Ra7+  1-0

[Event "Gibtelecom Masters"]
[Site "Catalan Bay ENG"]
[Date "2007.01.29"]
[Round "6"]
[White "Coimbra,M"]
[Black "Rajlich,I"]
[Result "0-1"]
[WhiteElo "2061"]
[BlackElo "2428"]

1.e4 e6 2.d4 d5 3.Nd2 Be7 4.Ngf3 Nf6 5.e5 Nfd7 6.Bd3 c5 7.c3 Nc6 8.O-O a5
9.a4 g5 10.dxc5 Nxc5 11.Bb5 Bd7 12.Re1 Qc7 13.Qe2 g4 14.Nd4 h5 15.N2b3 Ne4
16.Nxc6 bxc6 17.Bd3 Qxe5 18.Bxe4 dxe4 19.Qxe4 Qd5 20.Nd2 f5 21.Qxd5 cxd5
22.Nb3 Kf7 23.Bf4 Rhc8 24.Nd4 Rc4 25.g3 h4 26.Re2 hxg3 27.hxg3 Ra6 28.Rae1 Bf6
29.Be5 Bxe5 30.Rxe5 Kf6 31.f3 gxf3 32.Kf2 Rb6 33.Kxf3 Rxb2 34.R5e3 Rxa4 35.Rxe6+ Bxe6
36.Rxe6+ Kg5 37.Re5 Rxd4 38.cxd4 Rb3+ 39.Kf2 Rb5 40.Re8 Rb2+ 41.Kf3 Rb3+
42.Kf2 a4 43.Ra8 a3 44.Ra5 Kg4 45.Rxd5 Rf3+ 46.Ke2 Rxg3 47.Ra5 a2 48.Kf2 Rh3
49.Kg2 f4 50.Rxa2 f3+ 51.Kg1 Kg3 52.d5 Rh4 53.Rd2 Ra4 54.Rd1 Ra2 55.d6 Rg2+
56.Kf1 Rh2 57.Ke1 Rh1+  0-1

[Event "Gibtelecom Masters"]
[Site "Catalan Bay ENG"]
[Date "2007.01.30"]
[Round "7"]
[White "Carlsson,P"]
[Black "Rendle,T"]
[Result "0-1"]
[WhiteElo "2492"]
[BlackElo "2366"]

1.e4 e6 2.d4 d5 3.Nd2 Nc6 4.Ngf3 Nf6 5.e5 Nd7 6.Bb5 a6 7.Ba4 b5 8.Bb3 Na5
9.c3 Nxb3 10.axb3 c5 11.dxc5 Nxc5 12.O-O b4 13.Nd4 Qb6 14.N2f3 Ne4 15.Be3 Bc5
16.cxb4 Qxb4 17.Ne1 Bxd4 18.Nc2 Qxb3 19.Bxd4 Bd7 20.Ra3 Qb5 21.b4 Rc8 22.f3 Qc4
23.Ne3 Qxb4 24.Rb3 Qa4 25.fxe4 dxe4 26.Bc5 Bb5 27.Qd6 Rxc5 28.Qb8+ Ke7 29.Qd6+ Ke8
30.Qb8+ Ke7 31.Qa7+ Ke8 32.Qxc5 Qxb3 33.Qc8+ Ke7 34.Qb7+ Ke8 35.Qb8+ Ke7
36.Qa7+ Bd7 37.Qc5+ Kd8 38.Rc1 Qb8 39.Qa5+ Ke8 40.Nc4 f5 41.Nd6+ Ke7 42.Qc5 Re8
43.Nxf5+ Kf7 44.Nd6+ Kg8 45.Nxe8 Qxe8 46.Qc4 Qa8 47.Re1 Qa7+ 48.Kh1 e3 49.Qf4 Bc6
50.Rxe3 Qb7 51.Qf2 Qb1+ 52.Re1 Qd3 53.Rc1 Bb7 54.Qb2 Be4 55.Qf2 h6 56.Re1 Bd5
57.Qe3 Qc2 58.Re2 Qd1+ 59.Re1 Qc2 60.Qg3 a5  0-1

[Event "FINEC IM"]
[Site "St Petersburg RUS"]
[Date "2007.01.30"]
[Round "7"]
[White "Sudakova,I"]
[Black "Stupak,K"]
[Result "1-0"]
[WhiteElo "2381"]
[BlackElo "2361"]

1.e4 e6 2.d4 d5 3.Nd2 Nc6 4.Ngf3 Nf6 5.e5 Nd7 6.c3 f6 7.Bb5 a6 8.Bxc6 bxc6
9.O-O fxe5 10.dxe5 c5 11.Qa4 Bb7 12.Nb3 a5 13.Bg5 Be7 14.Nxc5  1-0

[Event "Bundesliga 2006-7"]
[Site "Tegernsee GER"]
[Date "2007.02.03"]
[Round "8"]
[White "Balogh,C"]
[Black "Cvek,R"]
[Result "0-1"]
[WhiteElo "2616"]
[BlackElo "2530"]

1.e4 e6 2.d4 d5 3.Nd2 Be7 4.e5 c5 5.Qg4 Kf8 6.dxc5 Nc6 7.Ndf3 f6 8.Bf4 Bxc5
9.O-O-O Bxf2 10.h4 f5 11.Qh3 Qa5 12.a3 Bd7 13.Bd3 b5 14.g4 b4 15.a4 b3 16.cxb3 Nb4
17.gxf5 Rc8+ 18.Kb1 Bxa4 19.Ng5 Bd7 20.Bc4 Qa2+ 21.Kc1 Qa1+  0-1